Manifiesto comunista / (Record no. 106095)

MARC details
000 -LEADER
campo de control de longitud fija 00960nam a2200277 i 4500
001 - NÚMERO DE CONTROL
campo de control 106095
003 - IDENTIFICADOR DE NÚMERO DE CONTROL
campo de control ES-MaACL
005 - FECHA Y HORA DE LA ÚLTIMA TRANSACCIÓN
campo de control 20250909230651.0
007 - CAMPO FIJO DE DESCRIPCIÓN FÍSICA--INFORMACIÓN GENERAL
campo de control de longitud fija t|
008 - DATOS DE LONGITUD FIJA--INFORMACIÓN GENERAL
campo de control de longitud fija 060926s1971 cl ||||1| spa d
080 ## - NÚMERO DE LA CLASIFICACIÓN DECIMAL UNIVERSAL
Número de la Clasificación Decimal Universal 330.85
080 ## - NÚMERO DE LA CLASIFICACIÓN DECIMAL UNIVERSAL
Número de la Clasificación Decimal Universal 141.82
100 1# - ENTRADA PRINCIPAL--NOMBRE DE PERSONA
Nombre de persona Marx, Karl,
Fechas asociadas al nombre 1818-1883
9 (RLIN) 78590
245 10 - MENCIÓN DEL TÍTULO
Título Manifiesto comunista /
Mención de responsabilidad, etc. Marx y Engels ; traducido del original alemán por Mauricio Amster ; con ensayos preliminares de Rodolfo Mondolfo y Aníbal Ponce.
260 ## - PUBLICACIÓN, DISTRIBUCIÓN, ETC.
Lugar de publicación, distribución, etc. Santiago de Chile :
Nombre del editor, distribuidor, etc. Editorial Universitaria,
Fecha de publicación, distribución, etc. [1971]
300 ## - DESCRIPCIÓN FÍSICA
Extensión LXIX, 69 p. ;
Dimensiones 19 cm.
490 1# - MENCIÓN DE SERIE
Mención de serie Los clásicos
650 #7 - PUNTO DE ACCESO ADICIONAL DE MATERIA--TÉRMINO DE MATERIA
Término de materia o nombre geográfico como elemento de entrada Comunismo
Fuente del encabezamiento o término embne
9 (RLIN) 11211
700 1# - ENTRADA AGREGADA--NOMBRE PERSONAL
Nombre de persona Engels, Friedrich.
9 (RLIN) 47225
700 1# - ENTRADA AGREGADA--NOMBRE PERSONAL
Nombre de persona Amster, Mauricio.
9 (RLIN) 21346
700 1# - ENTRADA AGREGADA--NOMBRE PERSONAL
Nombre de persona Mondolfo, Rodolfo.
9 (RLIN) 82147
700 1# - ENTRADA AGREGADA--NOMBRE PERSONAL
Nombre de persona Ponce, Aníbal,
Fechas asociadas al nombre 1898-1938
9 (RLIN) 92937
830 1# - PUNTO DE ACCESO ADICIONAL DE SERIE-TÍTULO UNIFORME
Título uniforme Los clásicos
9 (RLIN) 184368
852 ## - LOCALIZACIÓN
Ubicación ES-MaACL
Número de control de estantería AND-793
Nota libre - Biblioteca Juan Andrade
Holdings
Estatus retirado Estado de pérdida Estado de daño No para préstamo Biblioteca de origen Biblioteca actual Ubicación en estantería Fecha de adquisición Fuente de adquisición Total de préstamos Signatura topográfica completa Código de barras Visto por última vez Precio de reemplazo Tipo de ítem Koha
        Biblioteca del Ateneo de Madrid Biblioteca del Ateneo de Madrid Depósito 2 17/01/2008     AND-793 1110758 23/02/2023 23/02/2023 Libro impreso